<?xml version="1.0" encoding="UTF-8"?>
<record
    xmlns:xsi="http://www.w3.org/2001/XMLSchema-instance"
    xsi:schemaLocation="http://www.loc.gov/MARC21/slim http://www.loc.gov/standards/marcxml/schema/MARC21slim.xsd"
    xmlns="http://www.loc.gov/MARC21/slim">

  <leader>02463nam0a2200361   4500</leader>
  <controlfield tag="001">RU\NLR\BIBL_A\022762533</controlfield>
  <controlfield tag="005">20260503065214.0</controlfield>
  <datafield tag="010" ind1=" " ind2=" ">
    <subfield code="a">978-5-209-12774-1</subfield>
    <subfield code="9">100</subfield>
  </datafield>
  <datafield tag="021" ind1=" " ind2=" ">
    <subfield code="a">RU</subfield>
    <subfield code="b">&#x41A;&#x41D;-&#x41F;-26-004397</subfield>
    <subfield code="9">&#x41A;&#x41D;-&#x41F;-26-0417</subfield>
  </datafield>
  <datafield tag="035" ind1=" " ind2=" ">
    <subfield code="a">(NLR Aleph) 022762533</subfield>
  </datafield>
  <datafield tag="090" ind1=" " ind2=" ">
    <subfield code="a">13700887</subfield>
    <subfield code="c">13700887</subfield>
  </datafield>
  <datafield tag="100" ind1=" " ind2=" ">
    <subfield code="a">20260323d2025    k  y0rusy50      ca</subfield>
  </datafield>
  <datafield tag="101" ind1="0" ind2=" ">
    <subfield code="a">eng</subfield>
  </datafield>
  <datafield tag="102" ind1=" " ind2=" ">
    <subfield code="a">RU</subfield>
  </datafield>
  <datafield tag="105" ind1=" " ind2=" ">
    <subfield code="a">y   j   000yy</subfield>
  </datafield>
  <datafield tag="181" ind1=" " ind2="0">
    <subfield code="a">i4</subfield>
    <subfield code="b">axxe  </subfield>
  </datafield>
  <datafield tag="182" ind1=" " ind2="0">
    <subfield code="a">n</subfield>
  </datafield>
  <datafield tag="200" ind1="1" ind2=" ">
    <subfield code="a">Research plan immunization and prevention in the insufficient of sanitary static data of child health: for middle/low income countrues</subfield>
    <subfield code="e">organizational, methodological, research recommendations</subfield>
    <subfield code="f">John David Esu, Dmitry Ivanovich Kicha, Anna Vladimirovna Fomina</subfield>
    <subfield code="g">[RUDN university, Institute of medicine]</subfield>
  </datafield>
  <datafield tag="203" ind1=" " ind2=" ">
    <subfield code="a">&#x422;&#x435;&#x43A;&#x441;&#x442;</subfield>
    <subfield code="b">&#x432;&#x438;&#x437;&#x443;&#x430;&#x43B;&#x44C;&#x43D;&#x44B;&#x439;</subfield>
    <subfield code="c">&#x43D;&#x435;&#x43F;&#x43E;&#x441;&#x440;&#x435;&#x434;&#x441;&#x442;&#x432;&#x435;&#x43D;&#x43D;&#x44B;&#x439;</subfield>
  </datafield>
  <datafield tag="210" ind1=" " ind2=" ">
    <subfield code="a">Moscow</subfield>
    <subfield code="c">Peoples' friendship university of Russia named after Patrice Lumumba</subfield>
    <subfield code="d">2025</subfield>
  </datafield>
  <datafield tag="215" ind1=" " ind2=" ">
    <subfield code="a">18 &#x441;.</subfield>
    <subfield code="d">21</subfield>
  </datafield>
  <datafield tag="300" ind1=" " ind2=" ">
    <subfield code="a">&#x412; &#x432;&#x44B;&#x43F;. &#x434;&#x430;&#x43D;.: &#x418;&#x43C;&#x43C;&#x443;&#x43D;&#x438;&#x437;&#x430;&#x446;&#x438;&#x44F; &#x438; &#x43F;&#x440;&#x43E;&#x444;&#x438;&#x43B;&#x430;&#x43A;&#x442;&#x438;&#x43A;&#x430; &#x43F;&#x440;&#x438; &#x43D;&#x435;&#x434;&#x43E;&#x441;&#x442;&#x430;&#x442;&#x43E;&#x447;&#x43D;&#x43E;&#x441;&#x442;&#x438; &#x441;&#x430;&#x43D;&#x438;&#x442;&#x430;&#x440;&#x43D;&#x43E;-&#x441;&#x442;&#x430;&#x442;&#x438;&#x441;&#x442;&#x438;&#x447;&#x435;&#x441;&#x43A;&#x438;&#x445; &#x434;&#x430;&#x43D;&#x43D;&#x44B;&#x445; &#x43E; &#x437;&#x434;&#x43E;&#x440;&#x43E;&#x432;&#x44C;&#x435; &#x434;&#x435;&#x442;&#x435;&#x439;: &#x432; &#x441;&#x442;&#x440;&#x430;&#x43D;&#x430;&#x445; &#x441;&#x43E; &#x441;&#x440;&#x435;&#x434;&#x43D;&#x438;&#x43C;/&#x43D;&#x438;&#x437;&#x43A;&#x438;&#x43C; &#x443;&#x440;&#x43E;&#x432;&#x43D;&#x435;&#x43C; &#x434;&#x43E;&#x445;&#x43E;&#x434;&#x430; : &#x43E;&#x440;&#x433;&#x430;&#x43D;&#x438;&#x437;&#x430;&#x446;&#x438;&#x43E;&#x43D;&#x43D;&#x44B;&#x435;, &#x43C;&#x435;&#x442;&#x43E;&#x434;&#x438;&#x447;&#x435;&#x441;&#x43A;&#x438;&#x435;, &#x438;&#x441;&#x441;&#x43B;&#x435;&#x434;&#x43E;&#x432;&#x430;&#x442;&#x435;&#x43B;&#x44C;&#x441;&#x43A;&#x438;&#x435; &#x440;&#x435;&#x43A;&#x43E;&#x43C;&#x435;&#x43D;&#x434;&#x430;&#x446;&#x438;&#x438; / &#x418;&#x441;&#x443; &#x414;&#x430;&#x432;&#x438;&#x434; &#x414;&#x436;&#x43E;&#x43D;, &#x41A;&#x438;&#x447;&#x430; &#x414;&#x43C;&#x438;&#x442;&#x440;&#x438;&#x439; &#x418;&#x432;&#x430;&#x43D;&#x43E;&#x432;&#x438;&#x447;, &#x424;&#x43E;&#x43C;&#x438;&#x43D;&#x430; &#x410;&#x43D;&#x43D;&#x430; &#x412;&#x43B;&#x430;&#x434;&#x438;&#x43C;&#x438;&#x440;&#x43E;&#x432;&#x43D;&#x430;</subfield>
  </datafield>
  <datafield tag="517" ind1="1" ind2=" ">
    <subfield code="a">&#x418;&#x43C;&#x43C;&#x443;&#x43D;&#x438;&#x437;&#x430;&#x446;&#x438;&#x44F; &#x438; &#x43F;&#x440;&#x43E;&#x444;&#x438;&#x43B;&#x430;&#x43A;&#x442;&#x438;&#x43A;&#x430; &#x43F;&#x440;&#x438; &#x43D;&#x435;&#x434;&#x43E;&#x441;&#x442;&#x430;&#x442;&#x43E;&#x447;&#x43D;&#x43E;&#x441;&#x442;&#x438; &#x441;&#x430;&#x43D;&#x438;&#x442;&#x430;&#x440;&#x43D;&#x43E;-&#x441;&#x442;&#x430;&#x442;&#x438;&#x441;&#x442;&#x438;&#x447;&#x435;&#x441;&#x43A;&#x438;&#x445; &#x434;&#x430;&#x43D;&#x43D;&#x44B;&#x445; &#x43E; &#x437;&#x434;&#x43E;&#x440;&#x43E;&#x432;&#x44C;&#x435; &#x434;&#x435;&#x442;&#x435;&#x439;: &#x432; &#x441;&#x442;&#x440;&#x430;&#x43D;&#x430;&#x445; &#x441;&#x43E; &#x441;&#x440;&#x435;&#x434;&#x43D;&#x438;&#x43C;/&#x43D;&#x438;&#x437;&#x43A;&#x438;&#x43C; &#x443;&#x440;&#x43E;&#x432;&#x43D;&#x435;&#x43C; &#x434;&#x43E;&#x445;&#x43E;&#x434;&#x430;</subfield>
    <subfield code="e">&#x43E;&#x440;&#x433;&#x430;&#x43D;&#x438;&#x437;&#x430;&#x446;&#x438;&#x43E;&#x43D;&#x43D;&#x44B;&#x435;, &#x43C;&#x435;&#x442;&#x43E;&#x434;&#x438;&#x447;&#x435;&#x441;&#x43A;&#x438;&#x435;, &#x438;&#x441;&#x441;&#x43B;&#x435;&#x434;&#x43E;&#x432;&#x430;&#x442;&#x435;&#x43B;&#x44C;&#x441;&#x43A;&#x438;&#x435; &#x440;&#x435;&#x43A;&#x43E;&#x43C;&#x435;&#x43D;&#x434;&#x430;&#x446;&#x438;&#x438;</subfield>
  </datafield>
  <datafield tag="606" ind1="1" ind2=" ">
    <subfield code="a">&#x414;&#x435;&#x442;&#x438;</subfield>
    <subfield code="j">&#x41C;&#x435;&#x442;&#x43E;&#x434;&#x438;&#x447;&#x435;&#x441;&#x43A;&#x438;&#x435; &#x43F;&#x43E;&#x441;&#x43E;&#x431;&#x438;&#x44F;</subfield>
    <subfield code="x">&#x418;&#x43C;&#x43C;&#x443;&#x43D;&#x438;&#x437;&#x430;&#x446;&#x438;&#x44F;</subfield>
    <subfield code="y">&#x417;&#x430;&#x440;&#x443;&#x431;&#x435;&#x436;&#x43D;&#x44B;&#x435; &#x441;&#x442;&#x440;&#x430;&#x43D;&#x44B;</subfield>
    <subfield code="9">2707454</subfield>
    <subfield code="3">RU\NLR\AUTH\6601769970</subfield>
  </datafield>
  <datafield tag="686" ind1="1" ind2=" ">
    <subfield code="a">&#x420;193.95&#x44F;8</subfield>
  </datafield>
  <datafield tag="686" ind1="1" ind2=" ">
    <subfield code="a">&#x420;192.9(3)&#x44F;8</subfield>
  </datafield>
  <datafield tag="700" ind1=" " ind2="1">
    <subfield code="a">Esu</subfield>
    <subfield code="b">J.D.</subfield>
    <subfield code="g">John David</subfield>
  </datafield>
  <datafield tag="701" ind1=" " ind2="1">
    <subfield code="7">ba</subfield>
    <subfield code="8">rus</subfield>
    <subfield code="a">Ki&#x10D;a</subfield>
    <subfield code="b">D. I.</subfield>
    <subfield code="g">Dmitrij Ivanovi&#x10D;</subfield>
    <subfield code="9">178521</subfield>
    <subfield code="3">RU\NLR\AUTH\770178572</subfield>
  </datafield>
  <datafield tag="701" ind1=" " ind2="1">
    <subfield code="7">ba</subfield>
    <subfield code="8">rus</subfield>
    <subfield code="a">Fomina</subfield>
    <subfield code="b">A. V.</subfield>
    <subfield code="c">&#x434;-&#x440; &#x444;&#x430;&#x440;&#x43C;&#x430;&#x446;&#x435;&#x432;&#x442;. &#x43D;&#x430;&#x443;&#x43A;</subfield>
    <subfield code="g">Anna Vladimirovna</subfield>
    <subfield code="9">178528</subfield>
    <subfield code="3">RU\NLR\AUTH\770178579</subfield>
  </datafield>
  <datafield tag="942" ind1=" " ind2=" ">
    <subfield code="c">BOOK</subfield>
  </datafield>
  <datafield tag="980" ind1=" " ind2=" ">
    <subfield code="a">NB</subfield>
  </datafield>
</record>
